000 00832cam a2200229 4500
001 D1101
008 090401t1977 xxu||||| |||| 00| 0 eng d
035 _a(Sirsi) u62540
041 _aeng
050 _a692.30968
110 _aThe Association of South African Quantity Surveyors
_91538
245 _aStandard system of measuring builders` work 5th edition issued by The Association of South African Quantity Surveyors in consultation with The Building Industries Federation (South Africa)
260 _aCape Town
_bThe Association of South African Quantit
_c1977
300 _ax. 136p. 30cm
350 _a0
520 _aFiled at SMM 1977/1B
650 _aMeasurement
_96256
650 _aSOUTH AFRICA
650 _aBUILT ENVIRONMENT-QUANTITY SURVEYING-STANDARD METHOD OF MEASURMENT
942 _n0
948 _c04/03/1997
999 _c94438
_d94438